000 00687nam a2200205 a 4500
001 000024356
005 20200930022936.0
008 110126s1984 mx r 000 0 spa d
020 _a684583427
040 _aDO-SdBNP
_bspa
_cBNPHU
082 _axxxxx
_bS193e
100 1 _aSamuelson, Paul A.
_q(Paul Anthony Samuelson),
_d1915-
_95551
245 1 0 _aEconomía con sinceridad /
_cPaul Samuelson ; traducción Margarita Álvarez Franco.
260 _aMéxico, D. F. :
_bLasser Press Mexicana,
_c1984.
300 _a273 p. ;
_c20.5 cm.
534 _aEconomics from the heart
586 _aPremio Nóbel de Economía.
700 1 _aÁlvarez Franco, Margarita,
_etr.
_912553
049 _aBNGR
999 _c23849
_d23849